000 00770nam a2200241Ia 4500
008 100315s9999 xx 000 0 und d
020 _a333116518 
040 _cENGLISH 
082 _b9612 
_a330.973 
100 _a"potter, Jim "
245 _aThe American Economy Between the World Wars
260 _aLondon 
_bMacmillan Press  
_c1974 
300 _a183 
365 _eRupees 
_d
_b0.00 
366 _f
505 _gVaibhav Gaikwad 
530 _bDonated By RBI Library  
620 _a"Economic, The American Economy Between the World Wars, American Economy, RBI Book, "
630 _aThe American Economy Between the World Wars
650 _aECONOMIC 
730 _aThe American Economy Between the World Wars
942 _cBOOK
999 _c484346
_d484343